|
|
|
|
| LEADER |
00986nab a2200217 i 4500 |
| 001 |
acta79933 |
| 005 |
20230826091906.0 |
| 008 |
230725s1997 hu o 0|| hun d |
| 022 |
|
|
|a 0422-9576
|
| 040 |
|
|
|a SZTE Egyetemi Kiadványok Repozitórium
|b hun
|
| 041 |
|
|
|a hun
|
| 100 |
1 |
|
|a Lásztity Radomir
|
| 245 |
1 |
0 |
|a Beszámoló az "EURO-RESIDUE III." konferenciáról és a "Minőségbiztosítás az élelmiszervizsgáló laboratóriumokban" témájú nemzetközi szimpóziumról
|h [elektronikus dokumentum] /
|c Lásztity Radomir
|
| 260 |
|
|
|a Q & M Kft.
|b Budapest
|c 1997
|
| 300 |
|
|
|a 141-144
|
| 490 |
0 |
|
|a Élelmiszervizsgálati közlemények
|v 43 No. 2
|
| 650 |
|
4 |
|a Műszaki és technológiai tudományok
|
| 650 |
|
4 |
|a Egyéb műszaki tudományok és technológiák
|
| 650 |
|
4 |
|a Élelmiszer és italfélék
|
| 695 |
|
|
|a Élelmiszervizsgálat - konferencia - beszámoló
|
| 856 |
4 |
0 |
|u http://acta.bibl.u-szeged.hu/79933/1/elelmiszervizsgalati_kozlemenyek_1997_02_141-144.pdf
|z Dokumentum-elérés
|